01179nam a2200265 a 450000500170000000800410001702000320005802000370009004000350012704100080016204400070017008200180017724501940019525000220038926000550041130000690046649000580053550400420059360000630063565000470069865000640074570000320080970000330084170000390087420181019170054.0160229s2015 ck a gr 00010 spa d a9789585862524 (Colección) a9789585862555 (Trauma y memoria) aCO-BoBLA cCO-BoBLAdCO-BoIAVH0 aspa ack04a709.86 bD69s10aDoris Salcedo : btrauma y memoria / c dirección editorial José Ignacio Roca y Alejandro Martín ; ilustradora Doris Salcedo ; traductora Erika Tanacs ; prologuista Julieta González aPrimera edición aBogotá (Colombia) : bSeguros Bolívar, c2015. a112 páginas : bilustraciones y fotografías ; c29 x 25 cm.0 aColección de Arte Contemporáneo Seguros Bolívar aInlcuye referencias bibliográficas.14aSalcedo, Dorisd1958-xTrabajos artísticosvExposiciones24aArte colombianovExposicionesvCatálogos24aArtistas plásticos colombianosvExposicionesvCatálogos1 aMartín, Alejandroeeditor1 aRoca, José Ignacioeeditor1 aSalcedo, Dorisd1958-eilustradora